| 000 | 06560cam a22018734i 4500 | ||
|---|---|---|---|
| 003 | PE-LiUPU | ||
| 005 | 20250813165527.0 | ||
| 008 | 180710s2014 sp a rb 00 0 spa d | ||
| 020 | _a9788487381409(obra completa) | ||
| 020 | _a9788487381423 | ||
| 035 | _a(Sirsi) a249206 | ||
| 040 |
_aPE-LiUPU _bspa _cPE-LiUPU _erda |
||
| 049 | _aPRUA | ||
| 082 | 0 | 4 |
_a694.1 _bP43 _220 |
| 100 | 1 |
_aPeraza Sánchez, Enrique, _eautor. |
|
| 245 | 1 | 0 |
_aGuía de la madera / _cEnrique Peraza Sánchez, Miguel A.R. Nevado, Ignacio Menéndez Pidal de Navascues ... [et al.]. |
| 246 | 3 | _aConstrucción y estructuras | |
| 264 | 1 |
_aMadrid : _bAITIM, _c2014. |
|
| 300 |
_aTomo 2 : _bilustraciones ; _c27 centímetros |
||
| 336 |
_atext _2rdacontent |
||
| 337 |
_aunmediated _2rdamedia |
||
| 338 |
_avolume _2rdacarrier |
||
| 504 | _aBibliografía al final de cada capítulo. | ||
| 505 | 0 |
_aTomo 2, _tConstrucción y estructuras. _aMadera en rollo: Generalidades -- Pilotes -- Sistemas apilados -- Defensas -- Puentes de rollizos -- Madera aserrada: Generalidades -- Madera aserrada empalmada -- Entibaciones -- Tablestacas -- Ataguías -- Torres de vigilancia -- Puentes de caballete -- Montañas rusas -- Muelles y pantalanes -- Puentes triangulados -- Puentes arco -- Puentes colgantes -- Puentes losa -- Apeos de edificación -- Apeos de minas -- Cimbras -- Encofrados -- Entramado ligero -- Entramado pesado -- Pilares compuestos -- Vigas compuestas -- Pórticos compuestos -- Paneles semihuecos -- Paneles cajón -- Paneles nervados -- Paneles plegados -- Superficies regladas -- Mallas reticulares -- Mallas espaciales -- Madera laminada encolada: Generalidades -- Arcos -- Puentes arco -- Vigas -- Pilares -- Vigas trianguladas -- Entramados -- Pórticos -- Mallas reticulares -- Madera reconstituida: Generalidades -- LVL Madera microlaminada: Generalidades -- Tipos estructurales -- Tableros: Generalidades -- Valores característicos -- Forjados -- Cubiertas -- Muros -- Mallas -- Superficies plegadas -- Diafragmas -- Pórticos -- CLT Tableros contralaminados: Generalidades -- Tipos estructurales -- Entramados -- Paneles sándwich -- Viguetas: Generalidades -- De alma de madera -- De alma de celosía de madera -- De alma metálica -- De alma de celosía metálica -- De encofrado y apeo -- Uniones: Generalidades -- Tradicionales -- Encoladas -- Barras encoladas -- Tipo clavija -- Placas clavo -- Placas perforadas -- Escuadras y estribos -- Estribos -- Escuadras -- Anillo y disco -- Apoyos de pilar prefabricados -- Apoyos a medida -- Nudos de mallas -- Enlaces de testa - Tirantes -- Anclajes -- Pequeñas construcciones al exterior -- Pérgolas -- Chiringuitos -- Casetas -- Pequeñas construcciones varias -- Juegos infantiles -- Parques de ejercitación -- Mobiliario exterior -- Anexo 1 Certificación de la madera -- Anexo 2 Comportamiento al fuego de las estructuras de madera -- Anexo 3 Durabilidad de la madera estructural y su protección -- Anexo 4 Seguridad y salud en el montaje de estructuras de madera -- Abreviaturas y siglas. |
|
| 526 | _aP203 | ||
| 526 | _aP200 | ||
| 526 | _aSEG65 | ||
| 526 | _aSEG64 | ||
| 526 | _aSEG63 | ||
| 526 | _aSEG62 | ||
| 526 | _aSEG61 | ||
| 526 | _aSEG60 | ||
| 526 | _aSEG59 | ||
| 526 | _aSEG58 | ||
| 526 | _aSEG57 | ||
| 526 | _aSEG56 | ||
| 526 | _aSEG55 | ||
| 526 | _aSEG54 | ||
| 526 | _aSEG53 | ||
| 526 | _aSEG52 | ||
| 526 | _aSEG51 | ||
| 526 | _aSEG50 | ||
| 526 | _aSEG49 | ||
| 526 | _aSEG48 | ||
| 526 | _aSEG47 | ||
| 526 | _aSEG46 | ||
| 526 | _aSEG24 | ||
| 526 | _aSEG23 | ||
| 526 | _aSEG22 | ||
| 526 | _aSEG21 | ||
| 526 | _aSEG20 | ||
| 526 | _aSEG19 | ||
| 526 | _aSEG18 | ||
| 526 | _aSEG17 | ||
| 526 | _aSEG16 | ||
| 526 | _aSEG14 | ||
| 526 | _aSEG13 | ||
| 526 | _aSEG12 | ||
| 526 | _aSEG11 | ||
| 526 | _aSEG10 | ||
| 526 | _aSEG09 | ||
| 526 | _aSEG06 | ||
| 526 | _aSEG05 | ||
| 526 | _aSEG04 | ||
| 526 | _aSEG03 | ||
| 526 | _aSEG02 | ||
| 526 | _aSEG68 | ||
| 526 | _aSEG66 | ||
| 526 | _aSEG45 | ||
| 526 | _aSEG25 | ||
| 526 | _aSEG01 | ||
| 526 | _aP163 | ||
| 526 | _aP162 | ||
| 526 | _aP161 | ||
| 526 | _aP160 | ||
| 526 | _aP159 | ||
| 526 | _aP158 | ||
| 526 | _aP157 | ||
| 526 | _aP156 | ||
| 526 | _aP155 | ||
| 526 | _aP154 | ||
| 526 | _aP153 | ||
| 526 | _aP152 | ||
| 526 | _aP151 | ||
| 526 | _aP150 | ||
| 526 | _aP149 | ||
| 526 | _aP142 | ||
| 526 | _aP141 | ||
| 526 | _aP140 | ||
| 526 | _aP139 | ||
| 526 | _aP138 | ||
| 526 | _aP137 | ||
| 526 | _aP132 | ||
| 526 | _aP131 | ||
| 526 | _aP130 | ||
| 526 | _aP126 | ||
| 526 | _aP125 | ||
| 526 | _aP124 | ||
| 526 | _aP123 | ||
| 526 | _aP115 | ||
| 526 | _aP122 | ||
| 526 | _aP121 | ||
| 526 | _aP116 | ||
| 526 | _a P114 | ||
| 526 | _aP112 | ||
| 526 | _aP111 | ||
| 526 | _aP104 | ||
| 526 | _aP103 | ||
| 526 | _aP102 | ||
| 526 | _aP101 | ||
| 526 | _aP100 | ||
| 526 | _aP96 | ||
| 526 | _aP95 | ||
| 526 | _aP93 | ||
| 526 | _aP92 | ||
| 526 | _aP91 | ||
| 526 | _aP88 | ||
| 526 | _aP83 | ||
| 526 | _aP82 | ||
| 526 | _aP79 | ||
| 526 | _aP78 | ||
| 526 | _aP75 | ||
| 526 | _aP74 | ||
| 526 | _aP71 | ||
| 526 | _aP69 | ||
| 526 | _a P51 | ||
| 526 | _aP49 | ||
| 526 | _aP48 | ||
| 526 | _aP47 | ||
| 526 | _aP33 | ||
| 526 | _aP31 | ||
| 526 | _a P30 | ||
| 526 | _aP29 | ||
| 526 | _aP27 | ||
| 526 | _aP26 | ||
| 526 | _aP25 | ||
| 526 | _aP24 | ||
| 526 | _a P22 | ||
| 526 | _aP10 | ||
| 526 | _aP09 | ||
| 526 | _a P08 | ||
| 526 | _aP06 | ||
| 526 | _aP05 | ||
| 526 | _aP04 | ||
| 526 | _aP01 | ||
| 541 | _g001-0000119; | ||
| 650 | 0 | 4 | _aConstrucción de madera. |
| 650 | 0 | 4 | _aEstructuras de madera. |
| 650 | 0 | 4 |
_aMadera _xGuías. |
| 700 | 1 |
_aR. Nevado, Miguel A., _eautor. |
|
| 700 | 1 |
_aPidal de Navascues, Ignacio Menéndez, _eautor. |
|
| 710 | 2 | _aAsociación de Investigación Técnica de las Industrias de la Madera y el Corcho. | |
| 910 |
_adbm _bcsm _ccsm _d20180710 |
||
| 942 |
_2ddc _cBOOK |
||
| 994 |
_aC0 _bPEPRU |
||
| 596 | _a1 | ||
| 999 |
_a694.1 P43 _wDEWEY _c28789 _i79102 _f2021-11-9 _g4 _lCCODEBUL1 _mBUL _p65.19 _r0 _sY _tBOOK _u2018-7-10 _xINGENIERIA _PP25 _0COMPRA _1FCOMPRA _o.STAFF. Colección Ingeniería y Arquitectura _d28789 |
||
| 999 |
_a694.1 P43 _wDEWEY _c2 _i79103 _d2019-8-8 _f2021-11-9 _g5 _lCCODEBUL1 _mBUL _p65.19 _q2 _r0 _sY _tBOOK _u2018-7-10 _xINGENIERIA _PP25 _0COMPRA _1FCOMPRA _o.STAFF. Colección Ingeniería y Arquitectura |
||
| 980 |
_81 _gALBERTO SANCHEZ Responsable de Automatización |
||